00553nam a2200157Ia 4500008004100000100002100041245009300062245002100155260005900176260000900235650001800244650001500262856002600277999001900303952007300322170221s9999 xx 000 0 und d aCarmen M. Cusack a“How the content of online pornography depicts expressed consent for insemination”  cCarmen M. Cusack bOnline Journal of Communication and Media Technologies c2016 xCommunication xMedia Arts uhttp://www.ojcmt.net/ c309113d309113 001040aCLbCLd2017-02-21l0r2017-02-21 00:00:00w2017-02-21yFOJ